000 00846nam a2200241 4500
003 DO-SdBPM
005 20250610094831.0
008 161121b1985 sp ||| 00| 0 spa d
020 _a 847515476X
040 _aDO-SdBPM
_bspa
_cBPMSU
_e
082 4 _aR372.403
_bIG24a 1985
_222
100 1 _aIglesia, Saro de la
245 1 0 _aEnciclopedia Abrete Sesamo :
_bel libor de la A /
_c Saro de la Iglesia ; ilustraciones J. L. fernán
260 _aMadrid , España :
_bMontena- Orby ,
_c1985
300 _avarias paginaciones
_bilustraciones ;
_c26 cm
590 _aInventariado, 2025/VM
650 4 _aEducación preescolar
_vEnciclopedias.
650 4 _aLectura recreativa
_vEnseñanza
650 4 _aLibros y lecturas para niños
700 1 _aFernán, J. L.
_eilustraciones
910 _aVMateo V. Control de calidad. BPMSU
942 _2ddc
_cBK
999 _c15134
_d15134